Phenolog y and reproductive ecolog y of Qualea parviflora ( Vochysiaceae) in the Brazilian Savanna (Registro n. 340054)
[ somente texto ]
| 000 -LÍDER | |
|---|---|
| fixed length control field | 05009nab a2200325 i 4500 |
| 003 - CÓDIGO MARC DA AGÊNCIA CATALOGADORA | |
| Campo de controle | BR-BrBNA |
| 005 - DATA E HORA DA ÚLTIMA ATUALIZAÇÃO | |
| Campo de controle | 20260210135054.0 |
| 008 - CAMPO DE TAMANHO FIXO | |
| fixed length control field | 260210b2025 bl.ar|pooa||| 00| 0 eng | |
| 040 ## - FONTE DA CATALOGAÇÃO | |
| Agência catalogadora | BR-BrBNA |
| Idioma da catalogação | eng |
| 072 ## - CATEGORIA AGRIS | |
| Código AGRIS | F40 |
| 072 ## - CATEGORIA AGRIS | |
| Código AGRIS | F63 |
| 100 ## - ENTRADA PRINCIPAL - NOME PESSOAL | |
| Nome pessoal | Alves-de-Lima, Larissa |
| 100 ## - ENTRADA PRINCIPAL - NOME PESSOAL | |
| Nome pessoal | Calixto, Eduardo Soares |
| 100 ## - ENTRADA PRINCIPAL - NOME PESSOAL | |
| Nome pessoal | Oliveira, Marcos Lima de |
| 100 ## - ENTRADA PRINCIPAL - NOME PESSOAL | |
| Nome pessoal | Novaes, Letícia Rodrigues |
| 100 ## - ENTRADA PRINCIPAL - NOME PESSOAL | |
| Nome pessoal | Silva, Diego Vinícius Anjos |
| 100 ## - ENTRADA PRINCIPAL - NOME PESSOAL | |
| Nome pessoal | Torezan-Silingardi, Helena Maura |
| 245 ## - TÍTULO PRINCIPAL | |
| Título principal | Phenolog y and reproductive ecolog y of Qualea parviflora ( Vochysiaceae) in the Brazilian Savanna |
| 500 ## - NOTA GERAL | |
| Nota geral | Publicação on-line; Bibliography p. 13-16 (101 ref.); 4 tables; 5 illus.; Summaries (En, Pt) |
| 942 ## - ADDED ENTRY ELEMENTS (KOHA) | |
| Koha item type | Analítica |
| 520 ## - NOTA DE RESUMO | |
| Nota de conteúdo | <br/><br/><br/>Abstract<br/><br/>Qualea species (Vochysiaceae) are abundant and diverse in Brazilian savanna,<br/>contributing to maintain ecological communities through interactions with<br/>animals, mainly arthropods. Plant-pollinator interactions are fundamental to<br/>sustain biodiversity in tropical ecosystems. The reproductive ecology of Qualea<br/>parviflora is described, including its phenology, floral biology, floral lifespan, mating<br/>system, and floral visitors in Brazilian savanna. Flowers exhibits enantiostyly and<br/>are formed by one petal, one carpel, one pistil, and a spur formed by five fused<br/>sepals. Annual flowering occurred during the rainy season in the study area<br/>(October-November/2018). Each tree had 40±17.65 inflorescences, 1.7±1.1 open<br/>flowers per inflorescence per day, diurnal anthesis, and flowers lasting just one<br/>day. Flowers produced 9498.8±49.43 pollen grains (85.5±0.6% viability), and<br/>nectar (0.51±0.30 µL; 31.86±10.56% sugar concentration). Despite pollen/ovule<br/>ratio suggesting optional autogamy, Q. parviflora exhibited a self-incompatible<br/>and non-agamospermic reproductive mating system, indicating mandatory crosspollination. <br/>Forty-seven species (hummingbirds and insects) performed 420 floral<br/>visits. Hymenoptera accounted for 69.9% of visits. Pollinators (middle size /big<br/>bees, wasps, and hummingbirds), pollen and/or nectar robbers, herbivores and<br/>predators were recorded. We highlight Q. parviflora depends on biotic pollination<br/>and interacts with distinct floral visitors, reinforcing its ecological importance and<br/>the need to consider pollinator availability in restoration projects.<br/><br/>Key words:<br/>• annual flowering<br/>• bee<br/>• floral visitors<br/>• hummingbird<br/>• self-incompatibility<br/><br/><br/><br/><br/><br/>Resumo<br/><br/>As espécies de Qualea (Vochysiaceae) são abundantes e diversas na savana<br/>brasileira, contribuindo para manter as comunidades ecológicas através de interações<br/>com animais, especialmente artrópodes. As interações planta-polinizador são<br/>fundamentais para manter a biodiversidade em ecossistemas tropicais. A ecologia<br/>reprodutiva de Qualea parviflora foi investigada, incluindo sua fenologia, biologia<br/>floral, longevidade das flores, sistema reprodutivo e visitantes florais em uma área<br/>de savana brasileira. A espécie apresentou enantiostilia, cada flor teve uma pétala,<br/>um carpelo, um pistilo e um calcar formado por cinco sépalas fundidas. A floração<br/>foi anual e aconteceu na estação chuvosa (outubro-novembro/2018) na área de<br/>estudo. Cada árvore apresentou em média 40±17,65 inflorescências e 1,7±1,1 flores<br/>abertas por inflorescência por dia. A abertura da flor ocorreu durante o dia, e cada <br/>flor durou apenas um dia. A flor produziu em média 9.498,8±49,43 grãos de pólen<br/>(85,5±0,6% viabilidade), 0,51±0,30 µL de néctar e 31,86±10,56% de concentração<br/>de açúcar. Apesar da razão pólen/óvulo sugerir autogamia opcional, Q. parviflora<br/>exibiu um sistema reprodutivo auto-incompatível e não agamospérmico, indicando<br/>que a polinização cruzada é obrigatória. Quarenta e sete espécies de insetos e beija-flores <br/>realizaram 420 visitas florais, com himenoópteros sendo responsáveis por<br/>69,9% das visitas. Polinizadores (abelhas médias e grandes, vespas e beija-flores),<br/>ladrões de pólen e/ou néctar, herbívoros e predadores foram observados. Nossos<br/>resultados destacan que Q. parviflora depende de polinização realizada por animais<br/>e é capaz de interagir com uma alta diversidade de visitantes florais, o que reforça<br/>sua importância ecológica, assim como a necessidade de considerar a disponibilidade<br/>de polinizadores nos projetos de restauração do Cerrado.<br/><br/>Palavras-chave:<br/>• florada anual<br/>• abelha<br/>• visitantes florais<br/>• beija-flor<br/>• autoincompatibilidade |
| 650 ## - ASSUNTO - THESAGRO | |
| Cabeçalho tópico ou nome geográfico | FLORA |
| 650 ## - ASSUNTO - THESAGRO | |
| Cabeçalho tópico ou nome geográfico | ABELHA |
| 650 ## - ASSUNTO - THESAGRO | |
| Cabeçalho tópico ou nome geográfico | BEIJA FLOR |
| 650 ## - ASSUNTO - THESAGRO | |
| Cabeçalho tópico ou nome geográfico | FENOLOGIA |
| 650 ## - ASSUNTO - THESAGRO | |
| Cabeçalho tópico ou nome geográfico | VOCHYSIACEAE |
| 773 0# - ENTRADA ANALÍTICA | |
| Host Biblionumber | 709 |
| Registro do item | 360062 |
| Imprenta | Rio de Janeiro-RJ Jardim Botanico do Rio de Janeiro 1935 |
| Outro identificador | 2026-0452 |
| Título | Rodriguésia (Brazil) |
| ISSN | 0370-6583; 2175-7860 on-line |
| Colação | v. 76 p. 1-16; (2025) |
| Número de controle de registro | BR2025007538 |
| 856 ## - ACESSO E ENDEREÇO ELETRÔNICO | |
| Identificador uniforme de recurso - URI | https://www.scielo.br/j/rod/a/TjNRmVf9wyrwG7Yjm7KHRnt/?format=pdf&lang=en |
Nenhum exemplar disponível.

BINAGRI